Welcome to CU Library Online Public Access Catalogue (OPAC)

Mobile computing principles : (Record no. 749)

MARC details
000 -LEADER
fixed length control field 01135cam a22002654a 4500
001 - CONTROL NUMBER
control field 13509983
005 - DATE AND TIME OF LATEST TRANSACTION
control field 20241106183034.0
008 - FIXED-LENGTH DATA ELEMENTS--GENERAL INFORMATION
fixed length control field 040303s2005 enka b 001 0 eng
020 ## - INTERNATIONAL STANDARD BOOK NUMBER
International Standard Book Number 9780521817332
050 00 - LIBRARY OF CONGRESS CALL NUMBER
Classification number QA76.59
Item number .B43 2005
082 00 - DEWEY DECIMAL CLASSIFICATION NUMBER
Classification number 005.268
Edition information 22
100 1# - MAIN ENTRY--PERSONAL NAME
Personal name B'Far, Reza.
245 10 - TITLE STATEMENT
Title Mobile computing principles :
Remainder of title designing and developing mobile applications with UML and XML /
Statement of responsibility, etc. Reza B'Far ; foreword by Roy T. Fielding.
260 ## - PUBLICATION, DISTRIBUTION, ETC.
Place of publication, distribution, etc. Cambridge, [England] ;
-- New York :
Name of publisher, distributor, etc. Cambridge University Press,
Date of publication, distribution, etc. 2005.
300 ## - PHYSICAL DESCRIPTION
Extent xvi, 861 p. :
Other physical details ill. ;
Dimensions 26 cm.
650 #0 - SUBJECT ADDED ENTRY--TOPICAL TERM
Topical term or geographic name entry element Mobile computing.
650 #0 - SUBJECT ADDED ENTRY--TOPICAL TERM
Topical term or geographic name entry element UML (Computer science)
650 #0 - SUBJECT ADDED ENTRY--TOPICAL TERM
Topical term or geographic name entry element XML (Document markup language)
700 ## - ADDED ENTRY--PERSONAL NAME
Personal name Fielding, Roy T.
856 41 - ELECTRONIC LOCATION AND ACCESS
Materials specified Sample text
Uniform Resource Identifier <a href="http://www.loc.gov/catdir/samples/cam051/2004045705.html">http://www.loc.gov/catdir/samples/cam051/2004045705.html</a>
856 42 - ELECTRONIC LOCATION AND ACCESS
Materials specified Publisher description
Uniform Resource Identifier <a href="http://www.loc.gov/catdir/description/cam041/2004045705.html">http://www.loc.gov/catdir/description/cam041/2004045705.html</a>
856 41 - ELECTRONIC LOCATION AND ACCESS
Materials specified Table of contents
Uniform Resource Identifier <a href="http://www.loc.gov/catdir/toc/cam041/2004045705.html">http://www.loc.gov/catdir/toc/cam041/2004045705.html</a>
856 42 - ELECTRONIC LOCATION AND ACCESS
Materials specified Contributor biographical information
Uniform Resource Identifier <a href="http://www.loc.gov/catdir/enhancements/fy0732/2004045705-b.html">http://www.loc.gov/catdir/enhancements/fy0732/2004045705-b.html</a>
942 ## - ADDED ENTRY ELEMENTS (KOHA)
Source of classification or shelving scheme Library of Congress Classification
Koha item type Books
Suppress in OPAC No
999 ## -
-- 749
-- 749
Holdings
Withdrawn status Lost status Source of classification or shelving scheme Damaged status Not for loan Collection Home library Current library Shelving location Date acquired Total checkouts Full call number Barcode Date last seen Copy number Price effective from Koha item type
    Library of Congress Classification     Non-fiction Science Library (Miotso) Science Library (Miotso) General stacks 11/06/2024   QA76.59 .B43 B'FA SLM00000407 11/06/2024 1 11/06/2024 Books
    Library of Congress Classification     Non-fiction Science Library (Miotso) Science Library (Miotso) General stacks 11/06/2024   QA76.59 .B43 B'FA SLM00000408 11/06/2024 2 11/06/2024 Books
    Library of Congress Classification     Non-fiction Science Library (Miotso) Science Library (Miotso) General stacks 11/06/2024   QA76.59 .B43 B'FA SLM00000409 11/06/2024 3 11/06/2024 Books
    Library of Congress Classification     Non-fiction Science Library (Miotso) Science Library (Miotso) General stacks 11/06/2024   QA76.59 .B43 B'FA SLM00000410 11/06/2024 4 11/06/2024 Books
© 2023-2024 Copyright: Central University Libraries. All Rights Reserved | Created by: Mahone Tech Office